NAVIGATING THE LEGAL LANDSCAPE OF ENVIRONMENTAL CHALLENGES IN 21ST CENTURY (Record no. 33127)

MARC details
000 -LEADER
fixed length control field 00538nam a22001817a 4500
003 - CONTROL NUMBER IDENTIFIER
control field SGT
020 ## - INTERNATIONAL STANDARD BOOK NUMBER
International Standard Book Number 9789359114262
082 ## - DEWEY DECIMAL CLASSIFICATION NUMBER
Classification number 342
Item number N24C
100 ## - MAIN ENTRY--PERSONAL NAME
Personal name CCHAUDHARY, RICHA
245 ## - TITLE STATEMENT
Title NAVIGATING THE LEGAL LANDSCAPE OF ENVIRONMENTAL CHALLENGES IN 21ST CENTURY
250 ## - EDITION STATEMENT
Edition statement 1ST
260 ## - PUBLICATION, DISTRIBUTION, ETC. (IMPRINT)
Place of publication, distribution, etc INDIA
Name of publisher, distributor, etc WALNUT PUB
Year of Publication 2024
300 ## - PAGE DESCRIPTION
No. of Pages 320
650 ## - SUBJECT ADDED ENTRY--TOPICAL TERM
Topical term or geographic name as entry element ENVIROMENTAL STUDIES
653 ## - KEYWORDS--INDEX TERM
Keyword term NAVIGATING THE LEGAL LANDSCAPE OF ENVIRONMENTAL CHALLENGES IN 21ST CENTURY
700 ## - ADDED ENTRY--PERSONAL NAME
Personal name SGT UNIVERSITY FACULTY PUBLICATION
942 ## - ADDED ENTRY ELEMENTS (KOHA)
Source of classification or shelving scheme Dewey Decimal Classification
Koha item type Books
Holdings
Withdrawn status Lost status Source of classification or shelving scheme Damaged status Not for loan Collection code Home library Current library Shelving location Date acquired Vendor Name Cost, normal purchase price SGTU Total Checkouts Full call number Accession No. (Barcode) Date last seen Bill Date Koha item type
    Dewey Decimal Classification   Not For Loan MEDICAL SGT Medical Library SGT Medical Library Reference Book 03/11/2025 COPM 649.00 SGTU   342 N24C FM15543 03/11/2025 03/11/2025 Books